Modern home painting and decoration (Record no. 549744)
[ view plain ]
| 000 -LEADER | |
|---|---|
| fixed length control field | 00326nam a22001097a 4500 |
| 082 ## - DEWEY DECIMAL CLASSIFICATION NUMBER | |
| Classification number | 729.4 |
| Author Mark | MOD |
| 245 ## - TITLE STATEMENT | |
| Title | Modern home painting and decoration |
| Remainder of title | an illustrated room by room guide for every handyman. |
| 260 ## - PUBLICATION, DISTRIBUTION, ETC. | |
| Place of publication, distribution, etc. | London. |
| Name of publisher, distributor, etc. | Odhams Press. |
| 300 ## - PHYSICAL DESCRIPTION | |
| Extent | 191p. |
| 526 ## - STUDY PROGRAM INFORMATION NOTE | |
| Program name | 0 |
| Interest level | 0 |
| Reading level | 0 |
| Title point value | 729_400000000000000_MOD |
| 942 ## - ADDED ENTRY ELEMENTS (KOHA) | |
| Source of classification or shelving scheme | |
| Koha item type | Book |
| Withdrawn status | Lost status | Source of classification or shelving scheme | Damaged status | Not for loan | Permanent Location | Current Location | Date acquired | Total Checkouts | Full call number | Barcode | Date last seen | Price effective from | Koha item type |
|---|---|---|---|---|---|---|---|---|---|---|---|---|---|
| Military College of Engineering (MCE) | Military College of Engineering (MCE) | 10/14/2014 | 729.4 MOD | MCE-01011 | 10/14/2014 | 10/14/2014 | Book |
